| 000 | 01087 a2200229 4500 | ||
|---|---|---|---|
| 001 | 60388 | ||
| 005 | 20260407155854.0 | ||
| 008 | 260407a2015 arg spa d | ||
| 003 | AR-UNSa-BCEJYS | ||
| 040 |
_aAR-UNSa-BCEJYS _bspa _cAR-UNSa-BCEJYS |
||
| 080 |
_a51-7 _xEstudios y métodos matemáticos en otros campos del conocimiento. Matemáticas científicas. Matemáticas actuariales (Matemáticas Financieras) |
||
| 245 | 1 | 0 | _aOperaciones financieras en diversos escenarios |
| 020 | _a978-987-657-935-3 | ||
| 264 | 1 |
_aSanta Fe : _bEdiciones UNL _c2015 |
|
| 300 |
_a211 p. _c25 cm. |
||
| 505 | _a1. Nociones preliminares. Tasas de interés y de descuento - 2. Operaciones financieras simples – 3. Equivalencia de capitales. Aplicaciones en el análisis de inversión – 4. Rentas ciertas – 5. Sistemas de amortización de préstamos – 6. Empréstitos | ||
| 041 | _aspa | ||
| 942 | _cBK | ||
| 590 | _aniveau_biblio:m niveau_hierar:0 | ||
| 100 | 1 | _aTomas, Norberto P. | |
| 856 | 4 | 1 |
_uhttps://www.biblioeco.unsa.edu.ar/pmb/images/libros/L129144.jpg _yImagen de portada _qimage/jpeg |
| 999 |
_c6957 _d6957 |
||